000 00542nam a2200157 4500
999 _c16997
_d16997
008 220527b ||||| |||| 00| 0 eng d
022 _a0117-3308
082 _aDPer 004.1105 C73 Sept 2010 - April 2011 v. 20 n. 3-9
100 _aBurnham, Kristin.
_945252
245 _aManage your personal brand online/
_cKristin Burnham.
260 _aPhilippines:
_bSchneider Electric,
_c©2010-2011.
300 _av20 n8, page 46:
_b color illustrations;
_c27 cm.
500 _aComputer world.
650 _aInternet marketing.
_945253
942 _2ddc
_cPER